[Event "AUTO-ELITE-2046"]
[Site "http://www.queenalice.com/game.php?id=1556748"]
[Date "2019.1.15"]
[Round "2"]
[White "boilermaker1234"]
[Black "deepjcc"]
[Result "1/2-1/2"]
[WhiteElo "2383"]
[BlackElo "2518"]

1. e4 c5 2. d4 cxd4 3. Qxd4 Nc6 4. Qd1 Nf6 5. Bd3 g6 6. Nf3 Bg7 7. O-O O-O 8. c3
d5 9. exd5 Qxd5 10. Qe2 Bg4 11. Nbd2 Rad8 12. Bc4 Qf5 13. h3 Bh5 14. Bb5 Nb8 15.
Re1 a6 16. Bc4 Nc6 17. a4 e5 18. Qe3 Bxf3 19. Qxf3 Qxf3 20. Nxf3 e4 21. Ng5 Ne5
22. Bb3 Nd3 23. Re2 h6 24. Nxe4 Nxe4 25. Rxe4 Nc5 26. Rb4 Nxb3 27. Rxb3 Rd1+ 28.
Kh2 Re8 29. Rxb7 Ree1 30. Rb8+ Kh7 31. Rb7 Be5+ 32. g3 Kg8 33. Kg2 Rxc1 34. Rxc1
Rxc1 35. f4 Bf6 36. Rb6 Kg7 37. Rxa6 Rc2+ 38. Kf3 Rxb2 39. c4 Rc2 40. Rc6 Rc3+
41. Kg2 Rc2+ 1/2-1/2

[Event "AUTO-ELITE-2046"]
[Site "http://www.queenalice.com/game.php?id=1556749"]
[Date "2019.1.15"]
[Round "2"]
[White "deepjcc"]
[Black "boilermaker1234"]
[Result "1-0"]
[WhiteElo "2512"]
[BlackElo "2391"]

1. d4 e6 2. Nf3 d5 3. Bf4 Nf6 4. e3 Bd6 5. Bg3 O-O 6. Nbd2 Nc6 7. c3 a6 8. Bd3
Bxg3 9. hxg3 h6 10. Ne5 Nd7 11. f4 Ncxe5 12. dxe5 c6 13. Qg4 f5 14. Qg6 Qe8 15.
Rxh6 Qxg6 16. Rxg6 Kf7 17. Rg5 Rh8 18. Kf2 Nc5 19. Bc2 Ne4+ 20. Bxe4 fxe4 21. g4
g6 22. c4 b6 23. Rc1 Bd7 24. cxd5 cxd5 25. Rc7 Rhd8 26. f5 gxf5 27. gxf5 Rac8
28. Rxc8 Rxc8 29. f6 Ba4 30. Rg7+ Kf8 31. Nb3 Bxb3 32. axb3 Rc2+ 33. Kg3 Re2 34.
Re7 Rxe3+ 35. Kf4 Rxb3 36. Rxe6 Rxb2 37. g4 Rf2+ 38. Kg5 e3 39. Rxb6 Rc2 40. e6
Rc8 41. Kg6 1-0

[Event "AUTO-ELITE-2106"]
[Site "http://www.queenalice.com/game.php?id=1566242"]
[Date "2019.4.1"]
[Round "1"]
[White "Donidon"]
[Black "boilermaker1234"]
[Result "1-0"]
[WhiteElo "2498"]
[BlackElo "2385"]

1. e4 e5 2. Nf3 Nc6 3. d4 exd4 4. Nxd4 Bc5 5. Be3 Qf6 6. c3 Nge7 7. g3 O-O 8.
Bg2 d6 9. O-O Be6 10. Nxe6 Qxe6 11. Bxc5 dxc5 12. f4 Rad8 13. Nd2 Rd7 14. Rf2
Rfd8 15. Qc2 Qh6 16. Nf3 Qg6 17. Re1 a6 18. Bh3 Rd3 19. Bf1 R3d6 20. Qb3 b5 21.
e5 c4 22. Qa3 Rd5 23. Nh4 Qg4 24. Qxa6 Qc8 25. Qxc8 Rxc8 26. Bg2 Rdd8 27. Rfe2
Ra8 28. f5 Ra6 29. f6 Ng6 30. e6 Nxh4 31. gxh4 fxe6 32. Rxe6 Rd6 33. Rxd6 cxd6
34. Re6 gxf6 35. Rxd6 Nb4 36. Rd8+ Kg7 37. cxb4 Rxa2 38. Rd2 Ra4 39. Kf2 Rxb4
40. Ke3 Kh6 41. Kd4 Kh5 42. Kc5 Rb3 43. Rc2 Kxh4 44. Bc6 f5 45. Bxb5 c3 46. bxc3
f4 47. Bc6 Kg5 48. Kd4 Rb6 49. Be4 Rd6+ 50. Ke5 Rd8 51. Rg2+ Kh6 52. Kxf4 Rc8
53. Rc2 1-0

[Event "AUTO-ELITE-2106"]
[Site "http://www.queenalice.com/game.php?id=1566243"]
[Date "2019.4.1"]
[Round "1"]
[White "boilermaker1234"]
[Black "Donidon"]
[Result "1/2-1/2"]
[WhiteElo "2376"]
[BlackElo "2528"]

1. d4 Nf6 2. Nc3 d5 3. Nf3 g6 4. Be3 Bg7 5. h3 O-O 6. g4 Nc6 7. Qd2 Re8 8. O-O-O
Ne4 9. Nxe4 dxe4 10. Ng5 h6 11. Nxe4 Qd5 12. Bg2 Qxa2 13. Qc3 Rd8 14. b3 Be6 15.
Nc5 Bc8 16. Bxc6 bxc6 17. f4 Qa3+ 18. Kd2 Rd5 19. Ra1 Qxc5 20. Qxc5 Rxc5 21.
dxc5 Bxa1 22. Rxa1 f6 23. Bd4 Kf7 24. e4 h5 25. gxh5 gxh5 26. f5 Bd7 27. h4 a5
28. Ke3 Rg8 29. Kf3 e6 30. fxe6+ Bxe6 31. Rxa5 Bg4+ 32. Ke3 Re8 33. Kf4 Bd1 34.
Ra2 Ke6 35. Rb2 Rg8 36. c3 Rg4+ 37. Ke3 Rxh4 38. Rf2 Rh3+ 39. Kd2 Bxb3 40. Rxf6+
Kd7 41. e5 Rh1 42. Rh6 h4 43. Ke3 h3 44. Kf2 Be6 45. Rh7+ Ke8 46. Rh8+ Ke7 47.
Rh7+ Kf8 48. Rh6 Bd5 49. Kg3 Bg2 50. Rh8+ Ke7 51. Rh7+ Ke6 52. Rxc7 Be4 53. Kf4
Kd5 54. Rd7+ Ke6 55. Rd6+ Ke7 56. Kg3 Bd5 57. Be3 Kf7 58. Rh6 Be6 59. Rh7+ Ke8
60. Rh6 Kf7 61. Rh7+ Kf8 62. Rh6 Kf7 1/2-1/2

[Event "AUTO-ELITE-2106"]
[Site "http://www.queenalice.com/game.php?id=1566250"]
[Date "2019.4.1"]
[Round "1"]
[White "boilermaker1234"]
[Black "Sexxy_Bunny"]
[Result "0-1"]
[WhiteElo "2386"]
[BlackElo "2795"]

1. d4 Nf6 2. Nc3 d5 3. Nf3 Bf5 4. Be3 Nc6 5. a3 e6 6. h3 Bd6 7. g4 Bg6 8. Qd2
Ne4 9. Nxe4 Bxe4 10. Bg2 Qe7 11. b4 a6 12. O-O f6 13. Rac1 g5 14. Ne1 Bxg2 15.
Kxg2 h5 16. Nf3 e5 17. dxe5 hxg4 18. exd6 gxf3+ 19. exf3 Qxd6 20. Bc5 Qd7 21.
Rh1 Rh4 22. Rce1+ Kf7 23. Rd1 Rd8 24. Qc3 Ne5 25. Bd4 Ng6 26. Kf1 Re8 27. Be3 c6
28. Rh2 Rxh3 29. Rxh3 Qxh3+ 30. Ke2 Nf4+ 31. Kd2 Qxf3 32. Qb3 g4 33. Bb6 Re2+
34. Kc1 Rxf2 35. Bxf2 Qxf2 36. a4 g3 37. b5 g2 38. bxa6 bxa6 39. Qb7+ Kg6 40.
Qxc6 g1=Q 41. Rxg1+ Qxg1+ 42. Kb2 Qd4+ 43. Kb1 a5 44. Qd7 Kg5 45. Qg7+ Kh4 0-1

[Event "AUTO-ELITE-2106"]
[Site "http://www.queenalice.com/game.php?id=1566251"]
[Date "2019.4.1"]
[Round "1"]
[White "Sexxy_Bunny"]
[Black "boilermaker1234"]
[Result "1-0"]
[WhiteElo "2788"]
[BlackElo "2387"]

1. e4 e5 2. Nf3 Nc6 3. Bb5 Nge7 4. O-O g6 5. c3 Bg7 6. d4 exd4 7. cxd4 O-O 8. d5
Ne5 9. Nxe5 Bxe5 10. Nc3 a6 11. Bd3 c6 12. Bh6 Re8 13. Bg5 Qc7 14. Kh1 cxd5 15.
Rc1 Qa5 16. b4 Qb6 17. Nxd5 Nxd5 18. exd5 Qxb4 19. Qe2 h6 20. f4 hxg5 21. fxe5
b5 22. Qf2 Rf8 23. Qf6 Bb7 24. Bxg6 Bxd5 25. Bf5 Qd2 26. Rc2 Bxg2+ 27. Kg1 Qd4+
28. Kxg2 Rfc8 29. Rxc8+ Rxc8 30. Qxg5+ Kf8 31. Qh6+ Ke7 32. Qf6+ Kf8 33. Qh8+
1-0

[Event "AUTO-ELITE-2152"]
[Site "http://www.queenalice.com/game.php?id=1582556"]
[Date "2019.9.5"]
[Round "1"]
[White "trompmaster"]
[Black "boilermaker1234"]
[Result "0-1"]
[WhiteElo "2412"]
[BlackElo "2393"]

1. d4 d5 2. Nf3 Nf6 3. e3 Bg4 4. h3 Bxf3 5. gxf3 e6 6. c4 dxc4 7. Bxc4 Nc6 8.
Nc3 Bb4 9. Bd2 O-O 10. Rg1 Bxc3 11. Bxc3 a6 12. Rc1 b5 13. Bd3 Qd6 14. f4 g6 15.
h4 Nb4 16. Bb1 a5 17. h5 Nbd5 18. Bd2 b4 19. Qf3 Ne7 20. Rc5 Nd7 21. Rcg5 Nf6
22. Qh3 Kg7 23. Re5 Nd7 24. Reg5 c5 25. d5 exd5 26. f5 Rh8 27. Qg2 h6 28. Rg3 g5
29. f4 Kf8 30. fxg5 hxg5 31. Rxg5 c4 32. Bc2 Rc8 33. a3 Qe5 34. f6 Qxf6 35. Rf1
Qxb2 36. Qf3 Ke8 37. Qxf7+ Kd8 38. Rg7 Re8 39. Bg6 c3 40. Rf2 cxd2+ 41. Rxd2
Qa1+ 42. Ke2 Nf6 43. Qe6 Rc6 44. Qh3 Rf8 45. Rd1 Qxa3 46. Qg3 Rb6 47. Qe5 b3 48.
Rf1 a4 49. Qd4 Qa2+ 50. Kd1 Rc6 51. Qe5 Qa3 52. Ke2 Qb4 53. Bd3 b2 54. Qxe7+
Qxe7 55. Rxe7 Kxe7 56. Bb1 Nxh5 57. Rd1 Ng3+ 58. Kd3 Rf2 0-1

[Event "AUTO-ELITE-2152"]
[Site "http://www.queenalice.com/game.php?id=1582557"]
[Date "2019.9.5"]
[Round "1"]
[White "boilermaker1234"]
[Black "trompmaster"]
[Result "1-0"]
[WhiteElo "2380"]
[BlackElo "2428"]

1. e4 g6 2. d4 Bg7 3. Nf3 d6 4. Bd3 Nd7 5. O-O e6 6. Nc3 b6 7. Re1 Ne7 8. Bf4
Bb7 9. h3 h6 10. Qd2 a6 11. Rad1 g5 12. Bg3 Ng6 13. e5 Bxf3 14. gxf3 Ndf8 15.
exd6 cxd6 16. Ne4 e5 17. dxe5 Ne6 18. Nxd6+ Kf8 19. Bxg6 fxg6 20. Qb4 Qe7 21.
Qxb6 Kg8 22. c4 Kh7 23. b3 Rhb8 24. Qa5 Ra7 25. c5 Qc7 26. Qxc7 Rxc7 27. Ne4 Bf8
28. Nf6+ Kg7 29. Rd7+ Rxd7 30. Nxd7 Rc8 31. b4 Be7 32. a4 Rc7 33. Nb6 Rb7 34.
Nd5 Bd8 35. Rd1 Rb8 36. c6 Rc8 37. b5 axb5 38. axb5 Ba5 39. Ra1 Bd8 40. Ra7+ Kf8
41. f4 Rb8 42. fxg5 hxg5 43. Rh7 Kg8 44. Rd7 1-0

[Event "AUTO-ELITE-2152"]
[Site "http://www.queenalice.com/game.php?id=1582564"]
[Date "2019.9.5"]
[Round "1"]
[White "boilermaker1234"]
[Black "ArmandoFerreira"]
[Result "0-1"]
[WhiteElo "2381"]
[BlackElo "2745"]

1. e4 c5 2. Nf3 d6 3. Bb5+ Bd7 4. Bxd7+ Nxd7 5. O-O e6 6. Nc3 Rc8 7. d3 a6 8. b3
Be7 9. Be3 Ngf6 10. h3 Qc7 11. a4 O-O 12. Ne2 d5 13. exd5 Nxd5 14. Qd2 Rfd8 15.
a5 Nb8 16. Ra4 Nc6 17. Rfa1 e5 18. c3 Qd6 19. Rd1 Rc7 20. Ng3 Qe6 21. Qc2 f5 22.
Bd2 Rcd7 23. Ng5 Qg6 24. h4 h6 25. h5 Qf6 26. Nf3 Nc7 27. Ne1 Qf7 28. Qb1 e4 29.
Qc2 Ne6 30. dxe4 f4 31. Nf1 Ne5 32. Nh2 Qxh5 33. Nef3 Nxf3+ 34. Nxf3 Ng5 35.
Nxg5 Bxg5 36. b4 f3 37. Qb3+ Kh7 38. Qe6 fxg2 39. Kxg2 Rf8 0-1

[Event "AUTO-ELITE-2152"]
[Site "http://www.queenalice.com/game.php?id=1582565"]
[Date "2019.9.5"]
[Round "1"]
[White "ArmandoFerreira"]
[Black "boilermaker1234"]
[Result "0-1"]
[WhiteElo "2774"]
[BlackElo "2404"]

1. d4 c5 2. d5 f5 3. Nc3 Nf6 4. e4 fxe4 5. Nh3 g6 6. Nf4 Qa5 7. Bd2 Qb6 8. Bc4
d6 9. a4 Bg7 10. Bb5+ Kf7 11. O-O a6 12. a5 Qc7 13. Re1 axb5 14. Nxb5 Qd8 15. c4
Rf8 16. Nc3 Na6 17. Na4 Nc7 18. b4 cxb4 19. Bxb4 Bf5 20. Ra3 Na6 21. Bc3 Rb8 22.
Ne2 Qc7 23. Nb6 Nc5 24. h3 Nd3 25. Rf1 Kg8 26. Ng3 Nd7 27. Bxg7 Kxg7 28. Nxd7
Qxd7 29. f3 Ne5 30. fxe4 Bxh3 31. gxh3 Rxf1+ 32. Nxf1 Nxc4 33. Qd4+ Ne5 34. Qb2
Kg8 35. Qb4 Qe8 36. a6 bxa6 37. Qc3 Qb5 38. Ra2 Rf8 39. Rf2 Rxf2 40. Kxf2 a5 41.
Ne3 a4 42. Nc2 Qb3 43. Qxb3 axb3 44. Na3 h5 45. h4 b2 46. Nb1 Kf7 47. Kg3 Kf6
48. Kf4 Nf7 49. Nc3 e5+ 50. dxe6 Kxe6 51. Nb1 Kf6 52. Ke3 g5 53. hxg5+ Kxg5 54.
e5 dxe5 55. Ke4 Kg4 56. Nd2 h4 57. Kd3 h3 58. Kc4 h2 0-1

[Event "AUTO-ELITE-2152"]
[Site "http://www.queenalice.com/game.php?id=1594063"]
[Date "2019.12.24"]
[Round "2"]
[White "boilermaker1234"]
[Black "ArmandoFerreira"]
[Result "0-1"]
[WhiteElo "2417"]
[BlackElo "2794"]

1. d4 d5 2. Nc3 Nf6 3. Bg5 Nbd7 4. Qd3 h6 5. Bxf6 Nxf6 6. O-O-O c6 7. e4 e6 8.
Kb1 b5 9. e5 Nd7 10. f4 b4 11. Nce2 Nb6 12. g4 a5 13. f5 a4 14. fxe6 Bxe6 15. h3
g5 16. Ng3 Qc7 17. Nh5 Kd8 18. Qf3 Kc8 19. Bd3 b3 20. Rh2 bxa2+ 21. Kxa2 Nc4 22.
Qf6 Rg8 23. Bf5 Qd7 24. Rf1 c5 25. Rhf2 Rb8 26. Bxe6 fxe6 27. Qxf8+ Rxf8 28.
Rxf8+ Kc7 29. R8f7 Rxb2+ 30. Ka1 Rxc2 31. Rxd7+ Kxd7 32. dxc5 Nd2 33. Rf7+ Kc6
34. Ng7 Nb3+ 35. Kb1 Rc1+ 36. Kb2 Rxg1 37. Nxe6 d4 38. Nd8+ Kxc5 39. e6 d3 40.
Rc7+ Kb5 41. Rb7+ Kc5 42. Rc7+ Kb5 43. Rb7+ Ka6 44. Rd7 d2 45. e7 Re1 46. Rd6+
Kb5 47. Ne6 Kb4 48. Rb6+ Kc4 49. Rc6+ Kb4 50. Rb6+ Ka5 51. Rb5+ Kxb5 52. e8=Q+
Kb4 53. Qb8+ Kc4 54. Qc7+ Kd3 55. Qc3+ Ke2 56. Qc2 Rc1 57. Qe4+ Kf2 58. Qf5+ Kg1
59. Qd3 d1=Q 0-1

[Event "AUTO-ELITE-2152"]
[Site "http://www.queenalice.com/game.php?id=1594064"]
[Date "2019.12.24"]
[Round "2"]
[White "ArmandoFerreira"]
[Black "boilermaker1234"]
[Result "1-0"]
[WhiteElo "2821"]
[BlackElo "2416"]

1. e4 e5 2. Nf3 d6 3. Bc4 h6 4. O-O Nf6 5. Re1 Be7 6. Bb3 O-O 7. c3 Bg4 8. Bc2
Nbd7 9. h3 Bh5 10. d4 c5 11. d5 b5 12. a4 Qa5 13. Nbd2 a6 14. Nf1 c4 15. Ng3 Bg6
16. Bd2 Nc5 17. axb5 Qxb5 18. Nh4 Qxb2 19. Rb1 Qa2 20. Nhf5 Rfe8 21. Be3 Nfd7
22. Ra1 Qb2 23. Ba4 Bf8 24. Bxc5 Nxc5 25. Bxe8 Rxe8 26. Qe2 Qxc3 27. Rac1 Qb3
28. Qxc4 Qxc4 29. Rxc4 a5 30. Ra1 Ra8 31. f3 f6 32. Rb4 a4 33. Rab1 Nb3 34. Ne2
Be8 35. Nc1 Nxc1 36. Rxc1 g6 37. Ne3 f5 38. Rc2 fxe4 39. fxe4 h5 40. Kf2 g5 41.
Nc4 Rc8 42. Ke3 g4 43. hxg4 hxg4 44. Rf2 Bg6 45. Kd3 g3 46. Rf6 Kg7 47. Rf3 Ra8
48. Rb7+ Kh6 49. Nb6 Rd8 50. Nxa4 Ra8 51. Nc3 Bg7 52. Rxg3 Bf8 53. Rh3+ Kg5 54.
Rh8 Kf6 55. Nb5 Bf7 56. g4 Kg6 57. g5 Kg7 58. Rh6 Kg8 59. Rf6 Bh5 60. Nxd6 Ra3+
61. Kd2 Ra2+ 62. Kc3 Bxd6 63. Rxd6 Ra8 64. Re6 Rc8+ 65. Kd2 1-0

[Event "AUTO-ELITE-2152"]
[Site "http://www.queenalice.com/game.php?id=1594065"]
[Date "2019.12.24"]
[Round "2"]
[White "boilermaker1234"]
[Black "Sexxy_Bunny"]
[Result "0-1"]
[WhiteElo "2419"]
[BlackElo "2775"]

1. d4 Nf6 2. Nc3 d5 3. Bg5 Nbd7 4. e3 e6 5. Qf3 c5 6. Bb5 Be7 7. Nge2 a6 8.
Bxd7+ Bxd7 9. dxc5 Rc8 10. Bxf6 Bxf6 11. O-O-O Bc6 12. Qg4 Qa5 13. Nd4 h5 14.
Qh3 Qxc5 15. Nxe6 fxe6 16. Qxe6+ Kd8 0-1

[Event "AUTO-ELITE-2152"]
[Site "http://www.queenalice.com/game.php?id=1594066"]
[Date "2019.12.24"]
[Round "2"]
[White "Sexxy_Bunny"]
[Black "boilermaker1234"]
[Result "1-0"]
[WhiteElo "2776"]
[BlackElo "2418"]

1. e4 e5 2. Nf3 Nc6 3. Bb5 Bd6 4. O-O Nge7 5. c3 a6 6. Be2 O-O 7. d4 exd4 8.
cxd4 h6 9. e5 Bb4 10. a3 Ba5 11. d5 Na7 12. b4 Bb6 13. d6 Ng6 14. Nc3 cxd6 15.
exd6 Qf6 16. Nd5 1-0

[Event "Let's Play Chess!"]
[Site "http://www.queenalice.com/game.php?id=1819000"]
[Date "2023.8.18"]
[Round "-"]
[White "boilermaker1234"]
[Black "jcharro1979"]
[Result "1-0"]
[WhiteElo "2415"]
[BlackElo "2429"]

1. d4 d5 2. e4 dxe4 3. Nc3 Nf6 4. f3 exf3 5. Qxf3 Nc6 6. Bb5 Bd7 7. Nge2 e6 8.
O-O Be7 9. Be3 Nb4 10. Bxd7+ Qxd7 11. Qxb7 O-O 12. Bf4 Nxc2 13. Rad1 Rfb8 14.
Qf3 Nb4 15. Be5 Nbd5 16. Nxd5 Qxd5 17. Qg3 Ne8 18. Nf4 Qxa2 19. Bxg7 Rb3 20. Rf3
Rxf3 21. Qxf3 Rb8 22. Be5 Rxb2 23. Rf1 f5 24. Qg3+ Kf8 25. Qh3 Nf6 26. Qh6+ Kf7
27. Bxf6 Bxf6 28. Qxh7+ 1-0

[Event "Let's Play Chess!"]
[Site "http://www.queenalice.com/game.php?id=1820696"]
[Date "2023.9.13"]
[Round "-"]
[White "boilermaker1234"]
[Black "jcharro1979"]
[Result "0-1"]
[WhiteElo "2423"]
[BlackElo "2442"]

1. d4 d5 2. Nf3 Nf6 3. e3 e6 4. Bd3 c5 5. c4 cxd4 6. exd4 Be7 7. cxd5 Nxd5 8.
O-O O-O 9. Bd2 Nc6 10. Nc3 Ndb4 11. Bf4 Nxd3 12. Qxd3 Nb4 13. Qe2 b6 14. Rfd1
Bb7 15. Ne5 Rc8 16. a3 Nd5 17. Bd2 Nxc3 18. Bxc3 Qd5 19. f3 Rfd8 20. Qe3 Bd6 21.
Nd3 a5 22. Ne5 f6 23. Nd3 Qf5 24. Re1 Kh8 25. Rad1 Bd5 26. Rb1 Bc4 27. Nf2 h5
28. b3 Bd5 29. Ne4 Bf4 30. Qd3 Bb7 31. b4 a4 32. b5 Bd5 33. Rb4 Bb3 34. g3 Bd6
35. Rxb3 axb3 36. a4 Qd5 37. Nxd6 Rxd6 38. Rb1 e5 39. a5 exd4 40. Bd2 Rc2 0-1

[Event "Let's Play Chess!"]
[Site "http://www.queenalice.com/game.php?id=1824546"]
[Date "2023.11.3"]
[Round "-"]
[White "boilermaker1234"]
[Black "jcharro1979"]
[Result "1-0"]
[WhiteElo "2415"]
[BlackElo "2462"]

1. d4 d5 2. c4 c6 3. Nf3 Nf6 4. e3 e6 5. Bd3 Be7 6. Nbd2 O-O 7. O-O Nbd7 8. b3
b6 9. Bb2 Bb7 10. Qe2 c5 11. Rfd1 Ne4 12. cxd5 exd5 13. Ne5 f5 14. Nxe4 fxe4 15.
Ba6 Bxa6 16. Qxa6 Nxe5 17. dxe5 Qd7 18. Rd2 Qe6 19. Rad1 Rad8 20. Qxa7 Ra8 21.
Qb7 Rxa2 22. Ra1 Rxa1+ 23. Bxa1 d4 24. Qxe4 Qxb3 25. exd4 c4 26. h3 Bg5 27. Re2
b5 28. e6 Be7 29. d5 Qd1+ 30. Re1 Qd2 31. Rf1 Rd8 32. Qe5 Qg5 33. Qc7 Rxd5 34.
Bc3 Rd8 35. Be5 h6 36. f4 Qh4 37. Qb7 b4 38. f5 Qg5 39. f6 Bxf6 40. Qf7+ Kh8 41.
Bxf6 gxf6 42. e7 Rg8 43. Rf2 Qe5 44. Rxf6 Qe1+ 45. Rf1 Qe3+ 46. Kh1 Qe2 47. Qf6+
Kh7 48. Rf2 Qd1+ 49. Kh2 Qe1 50. Qf5+ Kh8 51. Qf8 Qe5+ 52. Kg1 Qe1+ 53. Rf1 Qe3+
54. Kh1 Qg5 55. Qxg8+ 1-0

[Event "AUTO-ELITE-2516"]
[Site "http://www.queenalice.com/game.php?id=1828987"]
[Date "2024.1.11"]
[Round "1"]
[White "Ahlkhanvio"]
[Black "boilermaker1234"]
[Result "1/2-1/2"]
[WhiteElo "2617"]
[BlackElo "2419"]

1. d4 d5 2. c4 dxc4 3. e3 Nf6 4. Bxc4 e6 5. Nf3 a6 6. O-O c5 7. dxc5 Qxd1 8.
Rxd1 Bxc5 9. Be2 O-O 10. Nbd2 Rd8 11. Ne5 Be7 12. Ndc4 Rxd1+ 13. Bxd1 Nbd7 14.
Bd2 Nxe5 15. Nxe5 Ne4 16. Ba5 Bf6 17. Nc4 Bd7 18. Nb6 Rd8 19. Bf3 Bc6 20. Nc4
Ra8 21. Rc1 Rb8 22. b3 h6 23. Bc7 Rc8 24. Bxe4 Rxc7 25. Nb6 Kf8 26. Bxc6 Rxc6
27. Rxc6 bxc6 28. Kf1 Ke7 29. Ke2 Kd6 30. Kd3 c5 31. Kc4 Kc6 32. Na4 Be7 33. g3
f5 34. Nc3 g5 35. h3 h5 36. f3 g4 37. hxg4 fxg4 38. fxg4 hxg4 39. Ne4 Kb6 40.
Nf2 Bd6 41. Nxg4 Bxg3 42. Nf6 Bd6 43. Ne4 Be7 44. a4 Kc6 45. Nf2 Bg5 46. e4 Bf4
1/2-1/2

[Event "AUTO-ELITE-2516"]
[Site "http://www.queenalice.com/game.php?id=1828988"]
[Date "2024.1.11"]
[Round "1"]
[White "boilermaker1234"]
[Black "Ahlkhanvio"]
[Result "0-1"]
[WhiteElo "2423"]
[BlackElo "2618"]

1. d4 d5 2. Nc3 Nf6 3. Bf4 c5 4. e3 cxd4 5. exd4 a6 6. Nf3 Nc6 7. Bd3 Bg4 8. Be2
e6 9. O-O Bd6 10. Bxd6 Qxd6 11. Re1 O-O 12. a3 Bxf3 13. Bxf3 b5 14. Na2 a5 15.
Nc3 b4 16. Nb5 Qb8 17. a4 Na7 18. Qd3 Rc8 19. c3 Nxb5 20. axb5 bxc3 21. bxc3 Nd7
22. Reb1 Nb6 23. h4 Qc7 24. Rc1 Qc4 25. Be2 Qxd3 26. Bxd3 Kf8 27. h5 Ke7 28. Kf1
Kd6 29. Ke2 h6 30. f4 f6 31. g4 Rc7 32. Kd2 a4 33. Re1 Re7 34. Kc2 e5 35. dxe5+
fxe5 36. fxe5+ Rxe5 37. Rf1 Ra7 38. Rf3 Rae7 39. Rf8 Re3 40. Rd1 Rg3 41. Rf4
Ree3 42. Rd4 Kc5 43. Kb2 Rg2+ 44. Kb1 Reg3 45. Re1 Rd2 46. Bf5 Rxd4 47. cxd4+
Kxd4 48. Re7 Kc3 49. Rxg7 Rg1+ 50. Ka2 Rg2+ 51. Ka1 Kb3 0-1

[Event "AUTO-ELITE-2542"]
[Site "http://www.queenalice.com/game.php?id=1838752"]
[Date "2024.6.16"]
[Round "1"]
[White "Sexxy_Bunny"]
[Black "boilermaker1234"]
[Result "1/2-1/2"]
[WhiteElo "2691"]
[BlackElo "2419"]

1. e4 c5 2. Nf3 e6 3. d4 cxd4 4. Nxd4 Nc6 5. Nc3 Nf6 6. Ndb5 d6 7. Bf4 e5 8. Bg5
a6 9. Na3 b5 10. Nd5 Be7 11. Bxf6 Bxf6 12. c3 O-O 13. Nc2 Bg5 14. a4 bxa4 15.
Rxa4 Ne7 16. Ncb4 a5 17. Bb5 Bd7 18. Nxe7+ Bxe7 19. Nc6 Qe8 20. Qd5 Be6 21. Qd3
Bd7 22. Qd5 Be6 23. Qd3 Bd7 24. Qd5 1/2-1/2

[Event "AUTO-ELITE-2542"]
[Site "http://www.queenalice.com/game.php?id=1838753"]
[Date "2024.6.16"]
[Round "1"]
[White "boilermaker1234"]
[Black "Sexxy_Bunny"]
[Result "1/2-1/2"]
[WhiteElo "2424"]
[BlackElo "2695"]

1. d4 Nf6 2. c4 e6 3. Nf3 d5 4. Nc3 c6 5. Bg5 h6 6. Bxf6 Qxf6 7. e3 Nd7 8. Bd3
dxc4 9. Bxc4 g6 10. O-O Bg7 11. Ne4 Qe7 12. Qc2 O-O 13. Bb3 e5 14. Ng3 Kh8 15.
Rad1 Re8 16. Nxe5 Nxe5 17. dxe5 Bxe5 18. f4 Bg7 19. e4 Bg4 20. Rde1 Bd4+ 21. Kh1
Rad8 22. e5 f5 23. exf6 Qxf6 24. Rxe8+ Rxe8 25. Qb1 Re3 26. Bc2 Kg7 27. Qc1 c5
28. b4 b6 29. bxc5 bxc5 30. f5 Rxg3 31. hxg3 gxf5 32. Qb1 Qf7 33. Rxf5 Bxf5 34.
Bxf5 Qh5+ 35. Bh3 Qg6 36. Qb7+ Qf7 37. Qb5 Qxa2 38. Qd7+ Qf7 39. Qg4+ Kf6 40.
Qf4+ Kg7 41. Qg4+ Kf6 42. Qf4+ Ke7 43. Qc7+ Kf6 44. Qf4+ 1/2-1/2

[Event "AUTO-ELITE-2542"]
[Site "http://www.queenalice.com/game.php?id=1838760"]
[Date "2024.6.16"]
[Round "1"]
[White "boilermaker1234"]
[Black "somchess"]
[Result "1-0"]
[WhiteElo "2429"]
[BlackElo "2166"]

1. d4 d5 2. c4 e6 3. Nf3 Nf6 4. Nc3 c6 5. cxd5 exd5 6. Qc2 Be6 7. Bg5 Be7 8. e3
h6 9. Bf4 Nh5 10. Be5 Nd7 11. Bd3 Nhf6 12. O-O O-O 13. Bf4 Nh5 14. Be5 Nhf6 15.
Ne2 Rc8 16. Rac1 c5 17. Bxf6 Nxf6 18. dxc5 Bxc5 19. Qa4 a6 20. b4 Bd6 21. Rxc8
Bxc8 22. a3 Qe7 23. Rc1 Bd7 24. Qb3 Re8 25. Nf4 d4 26. Nxd4 1-0

[Event "AUTO-ELITE-2542"]
[Site "http://www.queenalice.com/game.php?id=1838761"]
[Date "2024.6.16"]
[Round "1"]
[White "somchess"]
[Black "boilermaker1234"]
[Result "0-1"]
[WhiteElo "2162"]
[BlackElo "2432"]

1. d4 Nf6 2. c4 e6 3. Nf3 d5 4. g3 Bb4+ 5. Bd2 Bd6 6. Bg2 c6 7. O-O Nbd7 8. cxd5
exd5 9. Nc3 O-O 10. Qc2 Re8 11. Rae1 Nb6 12. Bg5 h6 13. Bxf6 Qxf6 14. e4 Bb4 15.
Qb3 Bxc3 16. e5 Qe7 17. Qxc3 a5 18. Nh4 Nc4 19. b3 Na3 20. f4 Nb5 21. Qe3 Qb4
22. Rd1 a4 23. f5 axb3 24. axb3 Qc3 25. Rd3 Qb2 0-1